Marketing for hospitality and tourism (1) (Record no. 418990)

MARC details
000 -LEADER
fixed length control field 00381nam a2200169Ia 4500
008 - FIXED-LENGTH DATA ELEMENTS--GENERAL INFORMATION
fixed length control field 230605s9999 xx 000 0 und d
041 ## - LANGUAGE CODE
Language code of text/sound track or separate title eng
100 ## - MAIN ENTRY--PERSONAL NAME
Personal name Kotlar
245 ## - TITLE STATEMENT
Title Marketing for hospitality and tourism (1)
250 ## - EDITION STATEMENT
Edition statement 5th
260 ## - PUBLICATION, DISTRIBUTION, ETC.
Name of publisher, distributor, etc. Pearson Education Pub.
300 ## - PHYSICAL DESCRIPTION
Extent 683
365 ## - TRADE PRICE
Price amount 559
Tax rate 1 20
500 ## - GENERAL NOTE
General note 1995
520 ## - SUMMARY, ETC.
Summary, etc. General
650 ## - SUBJECT ADDED ENTRY--TOPICAL TERM
Topical term or geographic name entry element M.M.

No items available.